[Event "HUN-chT2 Barcza 0203"]
[Site "Hungary"]
[Date "2003.04.06"]
[Round "10"]
[White "Pirau, Horatiu"]
[Black "Dobai, Szabolcs"]
[Result "1-0"]
[WhiteElo "2153"]
[BlackElo "2098"]
[PlyCount "105"]
[EventDate "2002.09.22"]
[EventType "team"]
[EventRounds "11"]
[EventCountry "HUN"]
[SourceTitle "EXT 2009"]
[Source "ChessBase"]
[SourceDate "2008.11.26"]
[SourceVersion "1"]
[SourceVersionDate "2008.11.26"]
[SourceQuality "1"]

1. c4 Nf6 2. Nc3 e6 3. e4 d5 4. e5 d4 5. exf6 dxc3 6. bxc3 Qxf6 7. d4 e5 8. Nf3 exd4 9. cxd4 Bb4+ 10. Bd2 Bxd2+ 11. Qxd2 0-0 12. Be2 c5 13. 0-0 cxd4 14. Qxd4 Qe7 15. Bd3 Be6 16. Qe4 f5 17. Qe3 Nc6 18. Rfe1 Rae8 19. Ng5 Bc8 20. Qxe7 Rxe7 21. Rxe7 Nxe7 22. c5 g6 23. Bc4+ Kg7 24. f4 h6 25. Nf3 Kf6 26. Rd1 Nc6 27. Rd6+ Kg7 28. Bb5 Nb4 29. a3 Nc2 30. Rd3 Be6 31. Ba4 Na1 32. Nd4 Bc4 33. Rd1 Rc8 34. Rxa1 Rxc5 35. Rc1 Kf6 36. Bb3 b5 37. Nxb5 Rxb5 38. Bxc4 Ra5 39. Ra1 Ra4 40. Bf1 Rxf4 41. a4 a5 42. Bb5 Rb4 43. Rc1 f4 44. Rc6+ Kg5 45. Ra6 h5 46. Rxa5 Kh4 47. Ra6 g5 48. Rc6 g4 49. Rc3 Kg5 50. Ra3 h4 51. Bf1 f3 52. gxf3 gxf3 53. a5 1-0

[Event "Kali Cup IM 2nd"]
[Site "Mindszentkalla"]
[Date "2002.02.26"]
[Round "9"]
[White "Majeric, Zoran"]
[Black "Pirau, Horatiu"]
[Result "1-0"]
[WhiteElo "2337"]
[BlackElo "2168"]
[PlyCount "45"]
[EventDate "2002.02.18"]
[EventType "tourn"]
[EventRounds "9"]
[EventCountry "HUN"]
[EventCategory "1"]
[SourceTitle "EXT 2004"]
[Source "ChessBase"]
[SourceDate "2003.11.25"]
[SourceVersion "1"]
[SourceVersionDate "2003.11.25"]
[SourceQuality "1"]

1. e4 Nf6 2. e5 Nd5 3. d4 d6 4. Nf3 Bg4 5. Be2 c6 6. Ng5 Bf5 7. 0-0 e6 8. c4 Nb4 9. Nc3 dxe5 10. dxe5 Nd3 11. Bxd3 Bxd3 12. Qf3 Bg6 13. Rd1 Qc7 14. Nce4 Qxe5 15. Bf4 Qa5 16. Bd6 Be7 17. Bxe7 Kxe7 18. Qg3 Rd8 19. Nd6 Qb6 20. Qh4 f6 21. Nxe6 Kxe6 22. Qg4+ Ke7 23. Nc8+ 1-0

[Event "Budapest FS02 FM-A"]
[Site "Budapest"]
[Date "2002.02.12"]
[Round "11"]
[White "Pirau, Horatiu"]
[Black "Ignacz, Maria"]
[Result "1/2-1/2"]
[WhiteElo "2168"]
[BlackElo "2069"]
[PlyCount "59"]
[EventDate "2002.02.02"]
[EventType "tourn"]
[EventRounds "13"]
[EventCountry "HUN"]
[SourceTitle "CBM 086 Extra"]
[Source "ChessBase"]
[SourceDate "2002.03.14"]
[SourceVersion "1"]
[SourceVersionDate "2002.03.14"]
[SourceQuality "1"]

1. c4 Nf6 2. Nc3 g6 3. g3 Bg7 4. Bg2 c5 5. Nf3 0-0 6. d4 d6 7. dxc5 dxc5 8. 0-0 Nc6 9. Bf4 Be6 10. Ne5 Na5 11. Qa4 Nh5 12. Rfd1 Qb6 13. Nd5 Bxd5 14. Bxd5 Nxf4 15. gxf4 Qc7 16. Bg2 Rad8 17. e3 b6 18. Nc6 Nxc6 19. Qxc6 Qxc6 20. Bxc6 Bxb2 21. Rab1 Bf6 22. Ba4 e6 23. Rxd8 Rxd8 24. Rd1 Rxd1+ 25. Bxd1 Kf8 26. Bf3 Ke7 27. Bb7 Kd6 28. Ba6 Bc3 29. Kg2 Bb2 30. Kg3 1/2-1/2

[Event "Budapest FS02 FM-A"]
[Site "Budapest"]
[Date "2002.02.11"]
[Round "10"]
[White "Banhazi, Istvan"]
[Black "Pirau, Horatiu"]
[Result "1-0"]
[WhiteElo "2084"]
[BlackElo "2168"]
[PlyCount "93"]
[EventDate "2002.02.02"]
[EventType "tourn"]
[EventRounds "13"]
[EventCountry "HUN"]
[SourceTitle "CBM 086 Extra"]
[Source "ChessBase"]
[SourceDate "2002.03.14"]
[SourceVersion "1"]
[SourceVersionDate "2002.03.14"]
[SourceQuality "1"]

1. d4 Nf6 2. c4 e5 3. dxe5 Ng4 4. e4 Nxe5 5. f4 Nec6 6. Be3 Na6 7. Nc3 Bc5 8. Qd2 d6 9. Nf3 Bg4 10. Be2 0-0 11. 0-0 Re8 12. h3 Bd7 13. Bf2 Bb4 14. Bd3 Nc5 15. Rae1 Qf6 16. Bc2 Ne6 17. f5 Bxc3 18. bxc3 Nf8 19. Bh4 Qh6 20. Qxh6 gxh6 21. Nd4 Nxd4 22. cxd4 Bc8 23. e5 dxe5 24. dxe5 Nd7 25. e6 fxe6 26. fxe6 Nc5 27. e7 Be6 28. Rf4 b6 29. Ref1 Rac8 30. R1f3 Nd7 31. Bf5 Bxf5 32. Rxf5 c5 33. Rd3 Rc7 34. Rfd5 Nf8 35. exf8Q+ Rxf8 36. Rg3+ Rg7 37. Rxg7+ Kxg7 38. Rd7+ Kg6 39. Rxa7 Kf5 40. Re7 Ra8 41. Re2 Ra4 42. Rc2 Ke4 43. Bf6 Kd3 44. Rc3+ Kd2 45. a3 b5 46. cxb5 Rf4 47. Be5 1-0

[Event "Budapest FS02 FM-A"]
[Site "Budapest"]
[Date "2002.02.09"]
[Round "8"]
[White "Pirau, Horatiu"]
[Black "Frank, Jozsef1111"]
[Result "1-0"]
[WhiteElo "2168"]
[BlackElo "2005"]
[PlyCount "91"]
[EventDate "2002.02.02"]
[EventType "tourn"]
[EventRounds "13"]
[EventCountry "HUN"]
[SourceTitle "CBM 086 Extra"]
[Source "ChessBase"]
[SourceDate "2002.03.14"]
[SourceVersion "1"]
[SourceVersionDate "2002.03.14"]
[SourceQuality "1"]

1. c4 c5 2. Nc3 Nc6 3. Nf3 Nf6 4. g3 g6 5. Bg2 Bg7 6. 0-0 0-0 7. d4 cxd4 8. Nxd4 Nxd4 9. Qxd4 d6 10. Qd3 a6 11. Bd2 Rb8 12. Rac1 Be6 13. b3 Qd7 14. Rfd1 Bh3 15. Bh1 Qf5 16. Qxf5 Bxf5 17. Bg5 Be6 18. Nd5 Bxd5 19. cxd5 Rfc8 20. Bg2 Kf8 21. e4 Ke8 22. f3 Nd7 23. Rxc8+ Rxc8 24. Rc1 Rxc1+ 25. Bxc1 Nc5 26. Kf1 Bd4 27. Bd2 b6 28. Ke2 a5 29. Bf1 Kd8 30. Kd1 f6 31. Bb5 g5 32. Ke2 h5 33. h3 g4 34. h4 gxf3+ 35. Kxf3 e6 36. dxe6 Nxe6 37. g4 hxg4+ 38. Kxg4 Ke7 39. Bc4 Nc7 40. a4 Kf8 41. Bh6+ Ke7 42. Kf5 Ne8 43. h5 Bc5 44. Bf4 Kf8 45. h6 Bd4 46. Bb5 1-0

[Event "Budapest FS02 FM-A"]
[Site "Budapest"]
[Date "2002.02.03"]
[Round "2"]
[White "Pirau, Horatiu"]
[Black "Berczes, David"]
[Result "1-0"]
[WhiteElo "2168"]
[BlackElo "2146"]
[PlyCount "121"]
[EventDate "2002.02.02"]
[EventType "tourn"]
[EventRounds "13"]
[EventCountry "HUN"]
[SourceTitle "CBM 086 Extra"]
[Source "ChessBase"]
[SourceDate "2002.03.14"]
[SourceVersion "1"]
[SourceVersionDate "2002.03.14"]
[SourceQuality "1"]

1. c4 c5 2. Nc3 b6 3. Nf3 Bb7 4. g3 Nf6 5. Bg2 e6 6. 0-0 Be7 7. d4 cxd4 8. Qxd4 d6 9. Rd1 a6 10. Bg5 Nbd7 11. e4 Qc7 12. Rac1 0-0 13. Bxf6 Nxf6 14. e5 dxe5 15. Qxe5 Qxe5 16. Nxe5 Bxg2 17. Kxg2 Rfc8 18. a3 Rab8 19. b4 a5 20. Rb1 axb4 21. axb4 Rb7 22. b5 Ne8 23. Nc6 Bf8 24. Ne4 h6 25. f4 Ra8 26. Ra1 Rxa1 27. Rxa1 f5 28. Nf2 Nd6 29. Rc1 g5 30. Nd3 Rc7 31. Nde5 Bg7 32. Kf3 Bxe5 33. fxe5 Nb7 34. Ra1 Nc5 35. Ra8+ Kf7 36. Rb8 Nd7 37. Rh8 Kg7 38. Re8 Nc5 39. Rb8 Nd7 40. Rd8 Nc5 41. Ke3 Kf7 42. Rh8 Kg7 43. Rb8 Nd7 44. Re8 Nc5 45. Nd8 Ra7 46. Nxe6+ Kf7 47. Nxc5 Kxe8 48. Nd3 Ra4 49. Kd4 Ke7 50. Kd5 Ra2 51. c5 bxc5 52. Kxc5 Rc2+ 53. Kb4 Rc8 54. b6 Rb8 55. Kb5 Kd7 56. Nc5+ Kd8 57. Kc6 f4 58. gxf4 gxf4 59. Ne6+ Ke7 60. Nxf4 Kd8 61. b7 1-0

[Event "Budapest FS12 FM"]
[Site "Budapest"]
[Date "2001.12.??"]
[Round "9"]
[White "Berczes, David"]
[Black "Pirau, Horatiu"]
[Result "1/2-1/2"]
[WhiteElo "2140"]
[BlackElo "2175"]
[PlyCount "174"]
[EventDate "2001.??.??"]
[EventType "tourn"]
[EventRounds "12"]
[EventCountry "HUN"]
[SourceTitle "EXT 2003"]
[Source "ChessBase"]
[SourceDate "2002.11.25"]
[SourceVersion "1"]
[SourceVersionDate "2002.11.25"]
[SourceQuality "1"]

1. e4 Nf6 2. e5 Nd5 3. d4 d6 4. Nf3 Bg4 5. Be2 e6 6. 0-0 Be7 7. h3 Bh5 8. c4 Nb6 9. exd6 cxd6 10. Nc3 0-0 11. b3 d5 12. c5 Nc8 13. Bf4 Bxf3 14. Bxf3 Nc6 15. Rb1 Bf6 16. Ne2 N8e7 17. Bd6 Re8 18. Bxe7 Rxe7 19. b4 Rd7 20. b5 Na5 21. Nc1 g6 22. Nb3 Nc4 23. Be2 Rc8 24. Qe1 e5 25. dxe5 Nxe5 26. Qb4 Rdc7 27. Rfd1 Be7 28. Qd4 Nd7 29. Bg4 Qf8 30. c6 bxc6 31. bxc6 Nb6 32. Bxc8 Qxc8 33. a4 Rxc6 34. a5 Bf6 35. Qf4 g5 36. Qg3 Rc3 37. Qg4 Qxg4 38. hxg4 Nc4 39. Nd2 Nxa5 40. Rb5 Nc4 41. Rxd5 Nb6 42. Rd6 Be7 43. Rd4 Bf6 44. Rb4 Rd3 45. Rbb1 Ra3 46. Ne4 Be7 47. Ra1 a5 48. Rxa3 Bxa3 49. Ra1 Bb4 50. Nxg5 a4 51. Nf3 a3 52. Kf1 Nc4 53. Ke2 Bc3 54. Ra2 Bb2 55. Ne1 Nb6 56. Nd3 Na4 57. Kd2 Nc3 58. Rxb2 axb2 59. Nxb2 Nd5 60. Nd3 Kg7 61. Ke2 f6 62. Kf3 Ne7 63. Ke4 Kg6 64. f4 h6 65. Ne1 h5 66. gxh5+ Kxh5 67. Nc2 Kg6 68. Ne3 f5+ 69. Ke5 Nc6+ 70. Kd6 Nd4 71. Kd5 Ne2 72. Ke5 Ng3 73. Nd5 Kh5 74. Nc3 Kg4 75. Nd1 Kh5 76. Ne3 Kg6 77. Nc4 Kh5 78. Ne3 Kg6 79. Nd5 Kh5 80. Ne7 Kg4 81. Ng8 Kh5 82. Nf6+ Kg6 83. Nd7 Kh5 84. Nc5 Kg4 85. Nb3 Nf1 86. Nd4 Ne3 87. g3 Nc4+ 1/2-1/2

[Event "Budapest FS12 FM"]
[Site "Budapest"]
[Date "2001.12.??"]
[Round "4"]
[White "Pirau, Horatiu"]
[Black "Fodor, Istvan"]
[Result "1-0"]
[WhiteElo "2175"]
[BlackElo "2080"]
[PlyCount "83"]
[EventDate "2001.??.??"]
[EventType "tourn"]
[EventRounds "12"]
[EventCountry "HUN"]
[SourceTitle "EXT 2003"]
[Source "ChessBase"]
[SourceDate "2002.11.25"]
[SourceVersion "1"]
[SourceVersionDate "2002.11.25"]
[SourceQuality "1"]

1. c4 g6 2. Nc3 c5 3. g3 Bg7 4. Bg2 Nc6 5. Nf3 Nf6 6. 0-0 0-0 7. d4 cxd4 8. Nxd4 d6 9. Nxc6 bxc6 10. Bxc6 Bh3 11. Bxa8 Qxa8 12. f3 Bxf1 13. Kxf1 Rc8 14. Qd3 Qc6 15. Be3 Qxc4 16. Qxc4 Rxc4 17. Bxa7 Nd7 18. Nd1 Rc2 19. Rb1 Kf8 20. Be3 Ke8 21. Rc1 Rxc1 22. Bxc1 Kd8 23. b4 Kc7 24. Bb2 Bxb2 25. Nxb2 Kb6 26. a4 Ne5 27. Ke1 d5 28. Kd2 Nc6 29. Nd3 e5 30. b5 e4 31. bxc6 exd3 32. c7 Kxc7 33. Kxd3 Kc6 34. Kd4 f5 35. f4 Kd6 36. a5 Kc6 37. h4 Kd6 38. a6 Kc6 39. a7 Kb7 40. Kxd5 Kxa7 41. Ke6 Kb7 42. Kf7 1-0

[Event "Budapest FS12 FM"]
[Site "Budapest"]
[Date "2001.12.??"]
[Round "8"]
[White "Pirau, Horatiu"]
[Black "Lakat, Gyula"]
[Result "1/2-1/2"]
[WhiteElo "2175"]
[BlackElo "2015"]
[PlyCount "108"]
[EventDate "2001.??.??"]
[EventType "tourn"]
[EventRounds "12"]
[EventCountry "HUN"]
[SourceTitle "EXT 2003"]
[Source "ChessBase"]
[SourceDate "2002.11.25"]
[SourceVersion "1"]
[SourceVersionDate "2002.11.25"]
[SourceQuality "1"]

1. c4 f5 2. Nc3 Nf6 3. g3 g6 4. Bg2 Bg7 5. Nh3 0-0 6. d4 c6 7. 0-0 d5 8. b3 e6 9. Bb2 Bd7 10. f3 b5 11. Qd3 bxc4 12. bxc4 Qe7 13. a4 Rc8 14. e4 Na6 15. exf5 exf5 16. Rfe1 Nb4 17. Qd2 Qf8 18. Ba3 a5 19. Na2 Rab8 20. Rab1 c5 21. dxc5 Qxc5+ 22. Kh1 Qxc4 23. Nxb4 axb4 24. Rxb4 Rxb4 25. Qxb4 Qxb4 26. Bxb4 Bxa4 27. Ng5 d4 28. f4 Bc6 29. Ne6 Bxg2+ 30. Kxg2 Nd5 31. Nxg7 Kxg7 32. Bd6 d3 33. Kf3 Rc2 34. Rd1 d2 35. Be5+ Kf7 36. Ke2 Nb6 37. Kd3 Ra2 38. Bd4 Ra3+ 39. Kxd2 Nc4+ 40. Ke1 Ke6 41. Bf2 Nb2 42. Rd2 Ra1+ 43. Ke2 Nc4 44. Rd8 Rh1 45. h4 Nd6 46. Be1 Ne4 47. Rh8 Rg1 48. Rxh7 Rg2+ 49. Kf1 Ra2 50. h5 gxh5 51. Rxh5 Ra3 52. g4 Rf3+ 53. Ke2 Rxf4 54. gxf5+ Rxf5 1/2-1/2

[Event "Budapest FS12 FM"]
[Site "Budapest"]
[Date "2001.12.??"]
[Round "2"]
[White "Pirau, Horatiu"]
[Black "Zilahi, Gabor"]
[Result "1/2-1/2"]
[WhiteElo "2175"]
[BlackElo "2115"]
[PlyCount "44"]
[EventDate "2001.??.??"]
[EventType "tourn"]
[EventRounds "12"]
[EventCountry "HUN"]
[SourceTitle "EXT 2003"]
[Source "ChessBase"]
[SourceDate "2002.11.25"]
[SourceVersion "1"]
[SourceVersionDate "2002.11.25"]
[SourceQuality "1"]

1. c4 c6 2. e4 d5 3. exd5 cxd5 4. d4 Nf6 5. Nc3 e6 6. cxd5 Nxd5 7. Nf3 Be7 8. Qb3 0-0 9. Nxd5 Qxd5 10. Qxd5 exd5 11. Be2 Nc6 12. 0-0 Bg4 13. Be3 f5 14. h3 Bh5 15. g4 Be8 16. Ne5 f4 17. Nxc6 Bxc6 18. Bd2 Rae8 19. Bd3 Bd7 20. Rac1 Bd6 21. f3 g5 22. Rfe1 Kg7 1/2-1/2

[Event "Cseppko op-A 10th"]
[Site "Aggtelek"]
[Date "2001.07.21"]
[Round "8"]
[White "Pirau, Horatiu"]
[Black "Konnyu, Janos"]
[Result "1-0"]
[WhiteElo "2109"]
[BlackElo "2160"]
[PlyCount "71"]
[EventDate "2001.07.16"]
[EventType "swiss"]
[EventRounds "9"]
[EventCountry "HUN"]
[SourceTitle "EXT 2004"]
[Source "ChessBase"]
[SourceDate "2003.11.25"]
[SourceVersion "1"]
[SourceVersionDate "2003.11.25"]
[SourceQuality "1"]

1. c4 Nf6 2. Nc3 g6 3. g3 Bg7 4. Bg2 0-0 5. Nf3 d6 6. 0-0 e5 7. d4 Nbd7 8. e4 c6 9. h3 a5 10. Re1 Re8 11. Be3 exd4 12. Nxd4 Nc5 13. Qc2 a4 14. Rad1 Qa5 15. Bf4 Bf8 16. Nf3 Ncxe4 17. Nxe4 Nxe4 18. Rxe4 Bf5 19. Nd4 Bxe4 20. Bxe4 d5 21. Bg2 Re1+ 22. Rxe1 Qxe1+ 23. Bf1 a3 24. b3 Bg7 25. Nf3 Qa1 26. Nd2 Re8 27. cxd5 cxd5 28. b4 Bc3 29. Qa4 Rc8 30. Qd7 Rf8 31. Qxd5 Bxb4 32. Ne4 Re8 33. Kg2 Qb2 34. Bc4 Re7 35. Bg5 Qe5 36. Qd8+ 1-0

[Event "Cseppko op-A 10th"]
[Site "Aggtelek"]
[Date "2001.07.19"]
[Round "5"]
[White "Pirau, Horatiu"]
[Black "Berczes, Csaba"]
[Result "1/2-1/2"]
[WhiteElo "2160"]
[BlackElo "2316"]
[PlyCount "82"]
[EventDate "2001.07.16"]
[EventType "swiss"]
[EventRounds "9"]
[EventCountry "HUN"]
[SourceTitle "EXT 2004"]
[Source "ChessBase"]
[SourceDate "2003.11.25"]
[SourceVersion "1"]
[SourceVersionDate "2003.11.25"]
[SourceQuality "1"]

1. c4 e5 2. Nc3 g6 3. Nf3 Bg7 4. d4 exd4 5. Nxd4 Ne7 6. Bg5 f6 7. Bf4 a6 8. g3 0-0 9. Bg2 Nbc6 10. 0-0 d6 11. Rc1 Nxd4 12. Qxd4 Nc6 13. Qd2 Be6 14. b3 Rb8 15. c5 dxc5 16. Qxd8 Rbxd8 17. Bxc7 Rd7 18. Bb6 c4 19. Na4 Rd2 20. Nc5 Bc8 21. Rxc4 Rxa2 22. e3 Re8 23. Nxb7 Bxb7 24. Bxc6 Bxc6 25. Rxc6 f5 26. b4 Bf8 27. Rb1 Rb8 28. Bc5 Bxc5 29. Rxc5 Ra4 30. Rc6 a5 31. Ra6 Raxb4 32. Ra1 Rb1+ 33. Rxb1 Rxb1+ 34. Kg2 Ra1 35. Ra7 Ra2 36. h4 h6 37. Kf3 Ra4 38. Kg2 Ra2 39. Kf3 Ra4 40. Ke2 Ra2+ 41. Kf3 Ra4 1/2-1/2

[Event "Cseppko op-A 10th"]
[Site "Aggtelek"]
[Date "2001.07.18"]
[Round "4"]
[White "Pirau, Horatiu"]
[Black "Barva, Attila"]
[Result "1/2-1/2"]
[WhiteElo "2160"]
[BlackElo "2339"]
[PlyCount "112"]
[EventDate "2001.07.16"]
[EventType "swiss"]
[EventRounds "9"]
[EventCountry "HUN"]
[SourceTitle "EXT 2004"]
[Source "ChessBase"]
[SourceDate "2003.11.25"]
[SourceVersion "1"]
[SourceVersionDate "2003.11.25"]
[SourceQuality "1"]

1. c4 e5 2. Nc3 Nc6 3. Nf3 g6 4. d4 d6 5. dxe5 Nxe5 6. Nxe5 dxe5 7. Qxd8+ Kxd8 8. Bg5+ f6 9. 0-0-0+ Bd7 10. Be3 c6 11. g3 Kc7 12. Bg2 Nh6 13. Ne4 f5 14. Nc5 Bc8 15. f3 Nf7 16. Rd2 b6 17. Nd3 Be6 18. b3 Bg7 19. Rhd1 g5 20. Nb2 f4 21. Bf2 h5 22. e4 g4 23. gxf4 exf4 24. Nd3 Bh6 25. Bd4 Rhe8 26. Ne5 Ng5 27. Rf2 c5 28. Bb2 g3 29. Rfd2 h4 30. Bf1 h3 31. Be2 Rad8 32. Nd3 Nf7 33. Bf6 Rd7 34. Rg1 Rg8 35. Rdd1 Nd8 36. Be5+ Kc8 37. Bxf4 Rxd3 38. Bxh6 Rxd1+ 39. Bxd1 gxh2 40. Rh1 Rg2 41. a3 Bxc4 42. bxc4 Ne6 43. Be3 Nd4 44. Bxd4 cxd4 45. f4 Kc7 46. e5 d3 47. f5 Kd7 48. Bf3 Rc2+ 49. Kd1 Rf2 50. Be4 d2 51. Kc2 Re2 52. e6+ Ke7 53. Bd5 Kf6 54. Rd1 Rg2 55. Rh1 Re2 56. Kd1 Rg2 1/2-1/2

[Event "Cseppko op-A 10th"]
[Site "Aggtelek"]
[Date "2001.07.17"]
[Round "2"]
[White "Pirau, Horatiu"]
[Black "Csabai, Gyula"]
[Result "1-0"]
[WhiteElo "2160"]
[BlackElo "2049"]
[PlyCount "43"]
[EventDate "2001.07.16"]
[EventType "swiss"]
[EventRounds "9"]
[EventCountry "HUN"]
[SourceTitle "EXT 2004"]
[Source "ChessBase"]
[SourceDate "2003.11.25"]
[SourceVersion "1"]
[SourceVersionDate "2003.11.25"]
[SourceQuality "1"]

1. c4 e5 2. Nc3 d6 3. Nf3 g6 4. d4 Bg7 5. dxe5 dxe5 6. Qxd8+ Kxd8 7. Bg5+ Ke8 8. 0-0-0 f6 9. Bh4 Kf7 10. e4 c6 11. Be2 Ne7 12. Bg3 Be6 13. Ne1 Na6 14. Kb1 Rad8 15. f4 Rxd1+ 16. Nxd1 exf4 17. Bxf4 Rd8 18. Nf3 b6 19. Rf1 Nc5 20. Nc3 Rd7 21. Be3 Nb7 22. Ng5+ 1-0

[Event "Cseppko op-A 10th"]
[Site "Aggtelek"]
[Date "2001.07.16"]
[Round "1"]
[White "Dovzik, Juri"]
[Black "Pirau, Horatiu"]
[Result "1-0"]
[WhiteElo "2389"]
[BlackElo "2160"]
[PlyCount "65"]
[EventDate "2001.07.16"]
[EventType "swiss"]
[EventRounds "9"]
[EventCountry "HUN"]
[SourceTitle "EXT 2004"]
[Source "ChessBase"]
[SourceDate "2003.11.25"]
[SourceVersion "1"]
[SourceVersionDate "2003.11.25"]
[SourceQuality "1"]

1. e4 Nf6 2. e5 Nd5 3. d4 d6 4. c4 Nb6 5. exd6 cxd6 6. d5 e5 7. Nc3 Be7 8. Nf3 0-0 9. a4 a5 10. Be2 Bg4 11. b3 Na6 12. 0-0 f5 13. Ba3 Bf6 14. Rc1 Nc5 15. Bxc5 dxc5 16. Ne1 Bxe2 17. Qxe2 e4 18. Nb5 Nc8 19. f3 Re8 20. fxe4 fxe4 21. Nc2 Nd6 22. Nxd6 Qxd6 23. Ne3 Bd4 24. g3 Qh6 25. Rce1 Rf8 26. Rxf8+ Kxf8 27. Kg2 Qxe3 28. Qxe3 Bxe3 29. Rxe3 Re8 30. Re2 Re7 31. Kf2 Rf7+ 32. Ke1 Rf3 33. Rf2 1-0

[Event "Miskolc op"]
[Site "Miskolc"]
[Date "2001.??.??"]
[Round "2"]
[White "Pirau, Horatiu"]
[Black "Barva, Attila"]
[Result "1/2-1/2"]
[WhiteElo "2160"]
[BlackElo "2354"]
[PlyCount "80"]
[EventDate "2001.??.??"]
[EventType "swiss"]
[EventRounds "9"]
[EventCountry "HUN"]
[SourceTitle "EXT 2002"]
[Source "ChessBase"]
[SourceDate "2001.11.25"]
[SourceVersion "1"]
[SourceVersionDate "2001.11.25"]
[SourceQuality "1"]

1. c4 e5 2. Nc3 Nc6 3. Nf3 g6 4. d4 exd4 5. Nxd4 Bg7 6. Nxc6 bxc6 7. g3 Nf6 8. Bg2 0-0 9. 0-0 Re8 10. Bf4 Rb8 11. Rb1 Ng4 12. Qa4 Rb7 13. Qc2 Qe7 14. h3 Ne5 15. b3 Rd8 16. Bd2 f5 17. Kh2 Qc5 18. e4 fxe4 19. Nxe4 Qa3 20. f4 d5 21. fxe5 dxe4 22. Bxe4 Qe7 23. Bxc6 Rb6 24. Bd5+ Be6 25. Bxe6+ Rxe6 26. Bc3 Bxe5 27. Bxe5 Rxe5 28. Rf2 Re3 29. Rbf1 Qe5 30. Rg2 Rdd3 31. Qf2 Qe7 32. Qf6 Qe8 33. h4 Re6 34. Qf4 c5 35. Rgf2 Qe7 36. Qg4 Rd4 37. Rf4 Rde4 38. Qf3 Re3 39. Qd5 Kg7 40. R1f2 Kh6 1/2-1/2